10 pobles més alts de la Catalunya del Nord - Statistics

General Stats
  • This quiz has been taken 6 times
  • The average score is 3 of 10
Answer Stats
Comarca Metres d'altitud Poble % Correct
Alta Cerdanya 1800 Font Romeu
67%
Alta Cerdanya 1610 Porté
67%
Alta Cerdanya 1613 Bolquera
33%
Conflent 1626 Caudiers de Conflent
33%
Capcir 1595 Els Angles
33%
Capcir 1657 La Llaguna
33%
Conflent 1600 Sautó
33%
Alta Cerdanya 1597 Targasona
33%
Alta Cerdanya 1800 Éguet
0%
Alta Cerdanya 1600 Montlluís
0%
No matching quizzes found
Score Distribution
Percent of People with Each Score
Percentile by Number Answered
Your Score History
You have not taken this quiz